000 00488nam a2200181Ia 4500
003 GCL
008 140319s9999 xx 000 0 ara d
040 _aGCL /
_cGCL
082 0 4 _a509
_bس ا
100 1 _aسمير عبده
245 1 0 _aالانسان العربى والعلم /
_cسمير عبده
300 _a109 ص
490 _a100 قصة
_v0
650 0 4 _aالعالم العربى
650 0 4 _aالعلوم
650 0 4 _aالموارد الطبيعية
942 _2ddc
_cBK
999 _c43997
_d43997